Cost Accounting for Dummies (Record no. 3883)

MARC details
005 - DATE AND TIME OF LATEST TRANSACTION
control field 20250612145011.0
020 ## - INTERNATIONAL STANDARD BOOK NUMBER
International Standard Book Number 978-1-119-85602-3
082 ## - DEWEY DECIMAL CLASSIFICATION NUMBER
Classification number 657.42 BOY
100 ## - MAIN ENTRY--PERSONAL NAME
Author name BOYD, K.
245 ## - TITLE STATEMENT
Title Cost Accounting for Dummies
250 ## - EDITION STATEMENT
Edition statement 2rd Ed
260 ## - PUBLICATION, DISTRIBUTION, ETC.
Place of publication, distribution, etc. Hoboken,
Name of publisher, distributor, etc. John Wiley & Sons,
Date of publication, distribution, etc. 2020.
300 ## - PHYSICAL DESCRIPTION
Extent xiii, 432p.: ill.; figure, table
Other physical details Index
Dimensions 23cm
856 ## - ELECTRONIC LOCATION AND ACCESS
Link text Access Online Book
Electronic name Cost Accounting
Path www.wiley.com
942 ## - ADDED ENTRY ELEMENTS (KOHA)
Source of classification or shelving scheme Dewey Decimal Classification
Koha item type Books
Holdings
Date last seen Total checkouts Full call number Barcode Cost, replacement price Price effective from Koha item type Lost status Source of classification or shelving scheme Damaged status Not for loan Withdrawn status Home library Current library Shelving location Date acquired Cost, normal purchase price
06/12/2025   657.42 BOY 00000012824 205803.00 06/12/2025 Books   Dewey Decimal Classification       College of Business Education Main Library College of Business Education Main Library General Collection 09/17/2024 68601.00
06/12/2025   657.42 BOY 00000012825 205803.00 06/12/2025 Books   Dewey Decimal Classification       College of Business Education Main Library College of Business Education Main Library Special Reserve Collection 09/17/2024 68601.00
06/12/2025   657.42 BOY 00000012826 205803.00 06/12/2025 Books   Dewey Decimal Classification       College of Business Education Main Library College of Business Education Main Library General Collection 09/17/2024 68601.00
06/12/2025   657.42 BOY 00000012827 205803.00 06/12/2025 Books   Dewey Decimal Classification       College of Business Education Main Library College of Business Education Main Library General Collection 09/17/2024 68601.00